[Event "Asia Cities-ch 20th"]
[Site "Bhubaneswar"]
[Date "2017.08.30"]
[Round "7.2"]
[White "Soozankar, Amir Mohammad"]
[Black "Goura, Hari Mohapatra"]
[Result "1-0"]
[WhiteElo "2327"]
[BlackElo "1738"]
[PlyCount "65"]
[EventDate "2017.08.26"]
[EventType "team-swiss"]
[EventRounds "9"]
[EventCountry "IND"]
[SourceTitle "CBM 180 Extra"]
[Source "ChessBase"]
[SourceDate "2017.10.06"]
[SourceVersion "1"]
[SourceVersionDate "2017.10.06"]
[SourceQuality "1"]
[WhiteTeam "Rasht"]
[BlackTeam "Bhubaneswar KISS"]
[WhiteTeamCountry "IRI"]
[BlackTeamCountry "IND"]

1. d4 Nf6 2. Nc3 d5 3. Nf3 Bf5 4. Bf4 e6 5. e3 a6 6. Ne5 Bb4 7. g4 Bg6 8. h4 Nfd7 9. Nxd7 Nxd7 10. h5 Be4 11. f3 e5 12. dxe5 d4 13. exd4 Bd5 14. Bd2 Bxc3 15. Bxc3 0-0 16. Bg2 Qe7 17. Qe2 b5 18. f4 Bc4 19. Qd2 c5 20. Bxa8 Rxa8 21. dxc5 Nxc5 22. 0-0-0 Ne4 23. Qe3 Nxc3 24. Qxc3 Rc8 25. Rd6 Qb7 26. Rhd1 h6 27. Rd8+ Rxd8 28. Rxd8+ Kh7 29. b3 Be2 30. Qe3 Bxg4 31. Qd3+ g6 32. hxg6+ fxg6 33. Qd6 1-0

[Event "Asia Cities-ch 20th"]
[Site "Bhubaneswar"]
[Date "2017.08.29"]
[Round "5.5"]
[White "Goura, Hari Mohapatra"]
[Black "Salama, Taher"]
[Result "1-0"]
[WhiteElo "1738"]
[BlackElo "1784"]
[PlyCount "94"]
[EventDate "2017.08.26"]
[EventType "team-swiss"]
[EventRounds "9"]
[EventCountry "IND"]
[SourceTitle "CBM 180 Extra"]
[Source "ChessBase"]
[SourceDate "2017.10.06"]
[SourceVersion "1"]
[SourceVersionDate "2017.10.06"]
[SourceQuality "1"]
[WhiteTeam "Bhubaneswar KISS"]
[BlackTeam "Alquds"]
[WhiteTeamCountry "IND"]
[BlackTeamCountry "PLE"]

1. d4 Nf6 2. Nf3 e6 3. g3 b6 4. Bg2 Bb7 5. 0-0 d5 6. c4 Be7 7. Nc3 0-0 8. Ne5 Nbd7 9. Qa4 Nxe5 10. dxe5 Ne4 11. cxd5 Nxc3 12. bxc3 exd5 13. Rd1 Bc5 14. Ba3 Qe7 15. Bxc5 Qxc5 16. Qd4 Qxd4 17. cxd4 Rfd8 18. Rac1 Rd7 19. e3 Ba6 20. Bf1 Bxf1 21. Kxf1 Kf8 22. Rc6 Re8 23. Rdc1 Ree7 24. Ke2 Ke8 25. f4 g6 26. g4 Kd8 27. f5 Kc8 28. f6 Re8 29. Kf3 Kb7 30. e4 dxe4+ 31. Kxe4 Red8 32. d5 Kb8 33. e6 fxe6 34. dxe6 Rd4+ 35. Ke3 Rd3+ 36. Ke2 Rd2+ 37. Ke1 R2d4 38. e7 Re4+ 39. Kf1 Rc8 40. Re1 Rf4+ 41. Kg2 Re8 42. Kg3 g5 43. Rd1 Kc8 44. h3 a5 45. Kg2 b5 46. Rf1 Rxf6 47. Rcxf6 Rxe7 1-0

[Event "Bhubaneswar Pillai Memorial"]
[Site "Bhubaneswar"]
[Date "2016.11.21"]
[Round "3"]
[White "Goura, Hari Mohapatra"]
[Black "Amit, Kumar"]
[Result "1-0"]
[WhiteElo "1815"]
[BlackElo "1295"]
[PlyCount "67"]
[EventDate "2016.11.20"]
[EventType "swiss"]
[EventRounds "11"]
[EventCountry "IND"]
[SourceTitle "CBM 175 Extra"]
[Source "ChessBase"]
[SourceDate "2016.12.12"]
[SourceVersion "1"]
[SourceVersionDate "2016.12.12"]
[SourceQuality "1"]

1. d4 e6 2. Nf3 Nf6 3. g3 c5 4. Bg2 cxd4 5. Nxd4 Nc6 6. 0-0 Bc5 7. Nb3 Bb6 8. c4 d6 9. Bg5 Bc7 10. Nc3 h6 11. Bxf6 Qxf6 12. Nb5 Qe7 13. N3d4 Nxd4 14. Qxd4 e5 15. Nxc7+ Qxc7 16. Qd5 0-0 17. Rfd1 Rd8 18. c5 Qa5 19. cxd6 Qxd5 20. Bxd5 Rb8 21. Rac1 b6 22. Rc7 Kh8 23. Bxf7 Rb7 24. Rxb7 Bxb7 25. d7 Bc6 26. Be6 Kh7 27. Rc1 Bxd7 28. Rd1 Bxe6 29. Rxd8 Bxa2 30. Ra8 Bc4 31. Rxa7 Bxe2 32. Re7 Kg6 33. Re6+ Kf5 34. Rxb6 1-0